100 Biggest Cities not in India or China - Statistics

General Stats
  • This quiz has been taken 256 times
  • The average score is 82 of 100
Answers on the Map
Answers color-coded by a green-red scale on the quiz's map according to % correct below.
 
Answer Stats
Country City % Correct
Russia Moscow
99%
United Kingdom London
98%
Spain Madrid
98%
Brazil Rio de Janeiro
98%
Brazil São Paulo
98%
Mexico Mexico City
97%
France Paris
97%
Spain Barcelona
96%
Argentina Buenos Aires
96%
Türkiye Istanbul
96%
Peru Lima
96%
United States Los Angeles
96%
Italy Milan
96%
United States New York
96%
Russia St. Petersburg
96%
Vietnam Ho Chi Minh
95%
United States Miami
95%
United States San Francisco/San Jose
95%
Chile Santiago
95%
South Korea Seoul
95%
Japan Tokyo
95%
Germany Berlin
94%
Colombia Bogota
93%
Egypt Cairo
93%
Indonesia Jakarta
93%
Nigeria Lagos
93%
Italy Naples
93%
United States Seattle
93%
Australia Sydney
93%
South Africa Cape Town
92%
United States Chicago
92%
Türkiye Ankara
91%
United States Boston
91%
United States Dallas/Fort Worth
91%
Philippines Manila
91%
Japan Osaka
91%
Iran Tehran
91%
Canada Toronto
91%
Thailand Bangkok
90%
United Arab Emirates Dubai
90%
United States Houston
90%
United States Washington/Baltimore
90%
Egypt Alexandria
89%
Saudi Arabia Riyadh
89%
United States Detroit
88%
Australia Melbourne
88%
United States Philadelphia
88%
Ethiopia Addis Ababa
87%
Iraq Baghdad
87%
Bangladesh Dhaka
87%
Malaysia Kuala Lumpur
87%
Kenya Nairobi
87%
United States Atlanta
86%
Vietnam Hanoi
86%
Democratic Rebpulic of the Congo Kinshasa
86%
Canada Montreal
86%
United States Phoenix
86%
Taiwan Taipei
86%
Morocco Casablanca
85%
South Africa Johannesburg
84%
Afghanistan Kabul
83%
Singapore Singapore
83%
Jordan Amman
82%
Pakistan Karachi
82%
Sri Lanka Colombo
81%
Angola Luanda
81%
Kuwait Kuwait
80%
Mexico Guadalajara
79%
Somalia Mogadishu
79%
Tanzania Dar es Salaam
78%
Sudan Khartoum
78%
Ghana Accra
77%
Dominican Republic Santo Domingo
77%
South Korea Busan
76%
Pakistan Islamabad
76%
Mexico Monterrey
76%
Pakistan Lahore
75%
Brazil Belo Horizonte
74%
Yemen Sana
74%
Uzbekistan Tashkent
74%
Saudi Arabia Jeddah
73%
Türkiye Izmir
72%
Uganda Kampala
71%
Mali Bamako
69%
Japan Nagoya
69%
Myanmar Yangon
67%
Ivory Coast Abidjan
66%
Nigeria Kano
65%
Cameroon Yaounde
65%
Brazil Recife
60%
Indonesia Surabaya
58%
Bangladesh Chittagong
56%
Indonesia Bandung
55%
Nigeria Ibadan
49%
Cameroon Douala
48%
Indonesia Medan
46%
Iran Mashhad
45%
Pakistan Faisalabad
42%
Ghana Kumasi
37%
Nigeria Onitsha
19%
No matching quizzes found
Score Distribution
Percent of People with Each Score
Percentile by Number Answered
Your Score History
You have not taken this quiz